000 00655nam a2200253Ia 4500
003 OSt
005 20221006144059.0
006 a|||||r|||| 00| 0
007 ta
008 221006b |||||||| |||| 00| 0 eng d
020 _c20.00
024 _a10,830
037 _cTextual
040 _aEASL
_cEASL
_beng
041 _2eng
_aeng
082 _aW81:51.1.(Q), K6
100 _aTYAGUNENKO Viktor
_9650831
245 0 _aProblems of contemporary national-liberation revolutions
260 _c1966
300 _a211p.
_ccm.
490 _v Oth
942 _hW81:51.1.(Q), K6
_cTEXL
_2CC
999 _c1078916
_d1078916